Visualizzazione normale
Vista MARC
- Muller Werner
di Personal Name
Records bibliografici associati: 1
001 - CONTROL NUMBER
- control field: 7842
003 - CONTROL NUMBER IDENTIFIER
- control field: IT-RoPau
005 - DATE AND TIME OF LATEST TRANSACTION
- control field: 20140106212141.0
008 - FIXED-LENGTH DATA ELEMENTS
- fixed length control field: 140106|| aca||aabn | a|a d
040 ## - CATALOGING SOURCE
- Original cataloging agency: IT-RoPau
- Transcribing agency: IT-RoPau
100 ## - HEADING--PERSONAL NAME
- Personal name: Muller Werner
- Dates associated with a name: Codice autore e interprete SPICS: 9667
- Relator term: Autore e interprete
670 ## - SOURCE DATA FOUND
- Source citation: Work cat.: (IT-RoPau)102945: AA.VV. 794, Mozart 40-Favourite Classical Tops (Lp Slk 16 886)